| 000 | 00724nam a2200265Ia 4500 | ||
|---|---|---|---|
| 003 | OSt | ||
| 005 | 20221005092841.0 | ||
| 006 | a|||||r|||| 00| 0 | ||
| 007 | ta | ||
| 008 | 221004b |||||||| |||| 00| 0 eng d | ||
| 020 | _a0333683498 (pbk) | ||
| 024 | _a22955 | ||
| 037 | _cTextual | ||
| 040 |
_aCRL _cCRL _beng |
||
| 041 |
_2eng _aeng |
||
| 082 | _aO111,3M82:g, N8 | ||
| 100 | _aWoolf Virginia | ||
| 245 | 0 | _aNovels Ed by Nicholas Marsh | |
| 260 |
_aNew York _bSt. Martin's Press USA _c1998 |
||
| 300 |
_a224p. _ccm. |
||
| 490 | _aAnalysing text. Ed by Nicholas Marsh | ||
| 650 | _aENGLISH LITERATURE | ||
| 942 |
_hO111,3M82:g, N8 _cTEXL _2cc |
||
| 999 |
_c999455 _d999455 |
||